[Event "Asian Online (Women)"]
[Site "Tornelo INT"]
[Date "2021.08.25"]
[Round "7"]
[White "Karenza, Dita"]
[Black "Mendoza, Shania Mae"]
[Result "1/2-1/2"]
[WhiteElo "2026"]
[BlackElo "2158"]
[PlyCount "34"]
[EventDate "2021.08.23"]
[EventType "swiss (rapid)"]
[EventRounds "9"]
[EventCountry "NET"]
[SourceTitle "CBM 204 Extra"]
[Source "ChessBase"]
[SourceDate "2021.11.30"]
[SourceVersion "1"]
[SourceVersionDate "2021.11.30"]
[SourceQuality "1"]

1. e4 e5 2. Nf3 Nc6 3. Bb5 Nf6 4. 0-0 Nxe4 5. Re1 Nd6 6. Nxe5 Be7 7. Ba4 Nxe5 8. Rxe5 0-0 9. d4 Bf6 10. Re1 Nf5 11. c3 d5 12. Bf4 c6 13. Nd2 Re8 14. Nf3 Nh4 15. Rxe8+ Qxe8 16. Nxh4 Bxh4 17. Qh5 Bf6 1/2-1/2

[Event "Asia Nations online Cup (Women)"]
[Site "Chess.com INT"]
[Date "2020.10.11"]
[Round "1.2"]
[White "Takayasu, Melody"]
[Black "Karenza, Dita"]
[Result "0-1"]
[WhiteElo "1643"]
[BlackElo "2026"]
[PlyCount "92"]
[EventDate "2020.10.11"]
[EventType "team-swiss (rapid)"]
[EventRounds "9"]
[EventCountry "IND"]
[SourceTitle "CBM 198 Extra"]
[Source "ChessBase"]
[SourceDate "2020.11.30"]
[SourceVersion "1"]
[SourceVersionDate "2020.11.30"]
[SourceQuality "1"]
[WhiteTeam "Japan (W)"]
[BlackTeam "Indonesia (W)"]
[WhiteTeamCountry "JPN"]
[BlackTeamCountry "INA"]

1. e4 c5 2. Nf3 g6 3. d4 cxd4 4. Nxd4 Nc6 5. Nc3 Bg7 6. Nb3 Nf6 7. f3 0-0 8. h4 h5 9. Be3 d6 10. Qd2 Kh7 11. Be2 a5 12. 0-0-0 a4 13. Nd4 Nxd4 14. Bxd4 Be6 15. a3 Qa5 16. Nb5 Qxd2+ 17. Kxd2 Rfc8 18. c3 Bd7 19. Bxf6 Bxf6 20. Nd4 b5 21. Nc2 Rab8 22. Nb4 Bg7 23. f4 Bh6 24. g3 Be6 25. Ke3 Bc4 26. Kf3 Bxe2+ 27. Kxe2 Rc4 28. Rd4 Rxd4 29. cxd4 Rc8 30. Kd3 e6 31. Rf1 Rc4 32. Nc2 Bg7 33. e5 d5 34. Ne3 Rc7 35. g4 hxg4 36. Nxg4 Kg8 37. Rh1 b4 38. axb4 Rc4 39. Nf6+ Kf8 40. h5 gxh5 41. Rxh5 Rxb4 42. Rh2 Rb3+ 43. Ke2 Rxb2+ 44. Kf3 Rxh2 45. Nd7+ Ke7 46. Nc5 a3 0-1

[Event "Titled Tuesday intern op 29th Sept"]
[Site "Chess.com INT"]
[Date "2020.09.29"]
[Round "1"]
[White "Karenza, Dita"]
[Black "Schitco, Ivan"]
[Result "1-0"]
[WhiteElo "2026"]
[BlackElo "2467"]
[PlyCount "39"]
[EventDate "2020.09.29"]
[EventType "swiss (blitz)"]
[EventRounds "10"]
[EventCountry "USA"]
[SourceTitle "CBM 198 Extra"]
[Source "ChessBase"]
[SourceDate "2020.11.30"]
[SourceVersion "1"]
[SourceVersionDate "2020.11.30"]
[SourceQuality "1"]

1. e4 e5 2. Nf3 Nc6 3. d4 exd4 4. Bc4 Nf6 5. e5 d5 6. Bb5 Ne4 7. Nxd4 Bd7 8. Bxc6 bxc6 9. 0-0 Bc5 10. f3 Ng5 11. f4 Ne4 12. Be3 Bb6 13. Nc3 Nxc3 14. bxc3 a5 15. f5 Qe7 16. e6 Bc8 17. Kh1 c5 18. f6 gxf6 19. Nf5 Qf8 20. Qxd5 1-0

[Event "Titled Tuesday intern op 22nd Sept"]
[Site "Chess.com INT"]
[Date "2020.09.22"]
[Round "3"]
[White "Karenza, Dita"]
[Black "Mortazavi, Ali"]
[Result "0-1"]
[WhiteElo "2026"]
[BlackElo "2333"]
[PlyCount "94"]
[EventDate "2020.09.22"]
[EventType "swiss (blitz)"]
[EventRounds "10"]
[EventCountry "USA"]
[SourceTitle "CBM 198 Extra"]
[Source "ChessBase"]
[SourceDate "2020.11.30"]
[SourceVersion "1"]
[SourceVersionDate "2020.11.30"]
[SourceQuality "1"]

1. e4 c6 2. d4 d5 3. Nc3 dxe4 4. Nxe4 Nf6 5. Nxf6+ exf6 6. c3 Bd6 7. Bd3 0-0 8. Qc2 Re8+ 9. Ne2 h5 10. Be3 Nd7 11. 0-0-0 Nf8 12. Nf4 Bxf4 13. Bxf4 Be6 14. Kb1 b5 15. f3 a5 16. Rhg1 a4 17. g4 hxg4 18. fxg4 Qd5 19. c4 bxc4 20. Be4 Qb5 21. g5 f5 22. Bf3 Ng6 23. Bc1 a3 24. Rd2 Rab8 25. Qc3 Qa6 26. h4 Nf4 27. g6 f6 28. h5 Nd3 29. h6 axb2 30. Bxb2 Ra8 31. Rxd3 Qxa2+ 32. Kc1 cxd3 33. d5 d2+ 34. Kd1 Bxd5 35. h7+ Kh8 36. Bxd5 Qxd5 37. Qxf6 Qb3+ 38. Kxd2 Rad8+ 39. Kc1 Qe3+ 40. Kb1 Qxg1+ 41. Ka2 Ra8+ 42. Kb3 Qb6+ 43. Kc2 Qc5+ 44. Kb3 Re3+ 45. Bc3 Qxc3+ 46. Qxc3 Rxc3+ 47. Kxc3 Re8 0-1

[Event "Titled Tuesday intern op 22nd Sept"]
[Site "Chess.com INT"]
[Date "2020.09.22"]
[Round "2"]
[White "Krsnik Cohar, Ivan Vihor"]
[Black "Karenza, Dita"]
[Result "1-0"]
[WhiteElo "2313"]
[BlackElo "2026"]
[PlyCount "103"]
[EventDate "2020.09.22"]
[EventType "swiss (blitz)"]
[EventRounds "10"]
[EventCountry "USA"]
[SourceTitle "CBM 198 Extra"]
[Source "ChessBase"]
[SourceDate "2020.11.30"]
[SourceVersion "1"]
[SourceVersionDate "2020.11.30"]
[SourceQuality "1"]

1. d4 Nf6 2. Bg5 Ne4 3. Bf4 d5 4. Nd2 Bf5 5. Nxe4 Bxe4 6. c3 Nc6 7. e3 e6 8. Nf3 Bd6 9. Bg3 0-0 10. Bd3 Bxd3 11. Qxd3 f5 12. Ne5 Bxe5 13. dxe5 Qd7 14. 0-0 Nd8 15. Rad1 Qa4 16. a3 c6 17. Qe2 Nf7 18. Qh5 c5 19. Rfe1 Rac8 20. h3 Qb3 21. Rd2 Rfe8 22. Qe2 Rc6 23. f3 Qb6 24. e4 d4 25. cxd4 cxd4 26. Bf2 Rd8 27. exf5 exf5 28. e6 Ng5 29. e7 Re8 30. Bxd4 Qa5 31. Qe5 Qxe5 32. Rxe5 Ne6 33. Bc3 Rxe7 34. Rd8+ Kf7 35. Rxf5+ Kg6 36. Re5 Kf7 37. Rd2 Nf4 38. Rf5+ Kg6 39. Rxf4 Re1+ 40. Kh2 Re7 41. Rg4+ Kh6 42. Rd5 g5 43. Rgxg5 Rce6 44. Bd2 b5 45. Rg8+ Re3 46. Kg3 b4 47. Kf2 bxa3 48. bxa3 a5 49. Bxe3+ Rxe3 50. Rd6+ Kh5 51. g4+ Kh4 52. Rh6# 1-0

[Event "Asian Continental op (Women) 17th"]
[Site "Makati"]
[Date "2018.12.15"]
[Round "6"]
[White "Karenza, Dita"]
[Black "San Diego, Marie Antoinette"]
[Result "1-0"]
[WhiteElo "1944"]
[BlackElo "2111"]
[PlyCount "135"]
[EventDate "2018.12.10"]
[EventType "swiss"]
[EventRounds "9"]
[EventCountry "PHI"]
[SourceTitle "CBM 187 Extra"]
[Source "ChessBase"]
[SourceDate "2018.11.04"]
[SourceVersion "1"]
[SourceVersionDate "2018.11.04"]
[SourceQuality "1"]

1. e4 c5 2. c3 d5 3. exd5 Qxd5 4. Na3 Nf6 5. Nf3 Bg4 6. Be2 Nc6 7. 0-0 e6 8. h3 Bh5 9. d4 cxd4 10. Nb5 Rc8 11. Nbxd4 Nxd4 12. Nxd4 Bxe2 13. Qxe2 Bc5 14. Rd1 0-0 15. Nb3 Qf5 16. Nxc5 Rxc5 17. Be3 Ra5 18. c4 b6 19. Bd4 Rc8 20. b3 e5 21. Be3 h6 22. a4 e4 23. c5 Rcxc5 24. Bxc5 Rxc5 25. Rac1 Re5 26. g4 Qe6 27. Qc4 Nd5 28. Qc8+ Kh7 29. Qxe6 fxe6 30. Re1 Nf4 31. Rc4 Nxh3+ 32. Kh2 Ng5 33. Kg3 Rd5 34. Rc7 e5 35. Rxa7 Rd3+ 36. Re3 Rd1 37. Kg2 Rc1 38. Ra6 Nf3 39. Rxe4 Nh4+ 40. Kh2 Rf1 41. Rxe5 Rxf2+ 42. Kg3 Rf3+ 43. Kxh4 g5+ 44. Rxg5 hxg5+ 45. Kxg5 Rxb3 46. Ra7+ Kg8 47. Kg6 Kf8 48. g5 Rg3 49. Rb7 Rg4 50. Rxb6 Rxa4 51. Rb8+ Ke7 52. Kg7 Rg4 53. g6 Rg1 54. Rb3 Re1 55. Rf3 Re2 56. Rf7+ Ke8 57. Kg8 Rg2 58. g7 Rg1 59. Rf2 Rh1 60. Re2+ Kd7 61. Re5 Kd6 62. Re4 Kd7 63. Kf7 Rf1+ 64. Kg6 Rg1+ 65. Kf6 Rg2 66. Re5 Kd6 67. Rg5 Rf2+ 68. Kg6 1-0

[Event "East Asia-ch U14/18 Girls 3rd"]
[Site "Shanghai"]
[Date "2018.08.08"]
[Round "8.2"]
[White "Li, Yingxuan"]
[Black "Karenza, Dita"]
[Result "0-1"]
[WhiteElo "1449"]
[BlackElo "1975"]
[PlyCount "78"]
[EventDate "2018.08.02"]
[EventType "swiss"]
[EventRounds "9"]
[EventCountry "CHN"]
[SourceTitle "EXT 2022"]
[Source "ChessBase"]
[SourceDate "2021.10.06"]
[SourceVersion "1"]
[SourceVersionDate "2021.10.06"]
[SourceQuality "1"]

1. d4 d5 2. c4 e6 3. Nc3 Nf6 4. Bg5 Nbd7 5. e3 c6 6. Nf3 Qa5 7. Bxf6 Nxf6 8. Bd3 Bb4 9. Qb3 0-0 10. 0-0 Bd6 11. c5 Bb8 12. Qa4 Qc7 13. b4 Ng4 14. g3 e5 15. dxe5 Nxe5 16. Be2 Bh3 17. Rfd1 Qe7 18. Qc2 Qf6 19. Nxe5 Bxe5 20. Rac1 Rfe8 21. Bf1 Bg4 22. Rd2 h5 23. Be2 Bf5 24. Bd3 Be6 25. Ne2 h4 26. Nd4 hxg3 27. hxg3 Bxd4 28. exd4 Bg4 29. Bf1 Re6 30. Qc3 Rae8 31. a4 Qh6 32. Rb2 Qh5 33. Bg2 Bd1 34. Bf1 Re1 35. Qd3 Bf3 36. Qxf3 Qxf3 37. Rxe1 Rxe1 38. Rd2 Qc3 39. Ra2 Qc1 0-1

[Event "East Asia-ch U14/18 Girls 3rd"]
[Site "Shanghai"]
[Date "2018.08.03"]
[Round "2.2"]
[White "Karenza, Dita"]
[Black "Margadgua, Erdenebayar"]
[Result "1-0"]
[WhiteElo "1975"]
[BlackElo "1619"]
[PlyCount "107"]
[EventDate "2018.08.02"]
[EventType "swiss"]
[EventRounds "9"]
[EventCountry "CHN"]
[SourceTitle "EXT 2022"]
[Source "ChessBase"]
[SourceDate "2021.10.06"]
[SourceVersion "1"]
[SourceVersionDate "2021.10.06"]
[SourceQuality "1"]

1. e4 c5 2. c3 d5 3. exd5 Qxd5 4. Na3 a6 5. Nf3 Nf6 6. Bc4 Qe4+ 7. Be2 Bg4 8. 0-0 e6 9. h3 Bh5 10. d3 Qd5 11. Nc4 Qd8 12. Bf4 Nc6 13. a4 Be7 14. Qb3 Ra7 15. Rfe1 0-0 16. Rad1 Na5 17. Nxa5 Qxa5 18. g4 Bg6 19. Ne5 Nd5 20. Bg3 Bg5 21. Bf3 Bf4 22. Bxd5 Bxg3 23. fxg3 exd5 24. Qxd5 Qc7 25. Kh2 Qb6 26. Rd2 Rc8 27. Nxg6 hxg6 28. Re7 Qf6 29. Rxb7 Rxb7 30. Qxb7 Re8 31. Qg2 Re1 32. Qf2 Qxf2+ 33. Rxf2 Ra1 34. Kg2 Rxa4 35. Kf3 Kf8 36. c4 Ra1 37. Ke4 Rd1 38. Rf3 Rd2 39. b3 Rb2 40. d4 cxd4 41. Kxd4 g5 42. Kc5 a5 43. Kb5 Ra2 44. c5 Ke7 45. Rd3 Rc2 46. c6 g6 47. Kb6 a4 48. bxa4 Rb2+ 49. Ka6 Rc2 50. Kb7 Rb2+ 51. Kc8 Rc2 52. c7 Ra2 53. Rb3 Rc2 54. Kb7 1-0

[Event "Asian Continental op (Women) 12th"]
[Site "Manila"]
[Date "2013.05.25"]
[Round "8"]
[White "Karenza, Dita"]
[Black "Aulia, Medina Warda"]
[Result "0-1"]
[WhiteElo "1821"]
[BlackElo "2320"]
[PlyCount "76"]
[EventDate "2013.05.18"]
[EventType "swiss"]
[EventRounds "9"]
[EventCountry "PHI"]
[SourceTitle "CBM 154 Extra"]
[Source "ChessBase"]
[SourceDate "2013.06.25"]
[SourceVersion "2"]
[SourceVersionDate "2013.06.25"]
[SourceQuality "1"]

1. e4 e6 2. d4 d5 3. Nd2 Nc6 4. c3 e5 5. Ngf3 exd4 6. cxd4 dxe4 7. Nxe4 Qe7 8. Qe2 Bg4 9. Nc3 Bxf3 10. Qxe7+ Bxe7 11. gxf3 Nxd4 12. Bd3 Nxf3+ 13. Kf1 0-0-0 14. Bf5+ Kb8 15. Be3 Nd4 16. Bh3 Nc2 17. Rc1 Nxe3+ 18. fxe3 Nf6 19. Ke2 Rhe8 20. Nb5 c6 21. Nd4 Nd5 22. Bg2 Bg5 23. Bxd5 Rxd5 24. Nc2 Rde5 25. Rcf1 f5 26. Rf3 f4 27. h4 Bh6 28. Rd1 R8e7 29. Rd3 Kc7 30. Rc3 fxe3 31. Nd4 g6 32. a4 a6 33. b4 Re4 34. Rc4 Bg7 35. Nb5+ axb5 36. Rxe4 Rxe4 37. Rf7+ Kb8 38. Rxg7 bxa4 0-1